Loading...
| Current Events | 3 | 16.67 | 100% | 67% | 0% |
| Fine Arts - Classical Music | 7 | 18.57 | 100% | 71% | 14% |
| Fine Arts - Other Fine Arts | 8 | 15.00 | 100% | 38% | 13% |
| Fine Arts - Painting and Sculpture | 7 | 21.43 | 86% | 86% | 43% |
| Geography | 3 | 23.33 | 100% | 67% | 67% |
| History - American History | 6 | 20.00 | 100% | 83% | 17% |
| History - European History | 9 | 26.67 | 100% | 89% | 78% |
| History - Other History | 5 | 18.00 | 100% | 80% | 0% |
| History - World History | 7 | 21.43 | 100% | 86% | 29% |
| Literature - American Literature | 8 | 17.50 | 100% | 75% | 0% |
| Literature - British Literature | 10 | 20.00 | 100% | 100% | 0% |
| Literature - European Literature | 9 | 23.33 | 100% | 100% | 33% |
| Literature - World Literature | 10 | 23.00 | 100% | 90% | 40% |
| Mythology | 8 | 16.25 | 100% | 63% | 0% |
| Other Academic | 1 | 30.00 | 100% | 100% | 100% |
| Philosophy | 8 | 22.50 | 100% | 100% | 25% |
| Religion | 7 | 20.00 | 100% | 57% | 43% |
| Science - Biology | 8 | 18.75 | 100% | 63% | 25% |
| Science - Chemistry | 8 | 23.75 | 100% | 100% | 38% |
| Science - Other Science | 7 | 21.43 | 100% | 71% | 43% |
| Science - Physics | 9 | 17.78 | 89% | 56% | 33% |
| Social Science | 9 | 20.00 | 100% | 89% | 11% |